Score 0/50 Timer 15:00
25 Plays Today
Mentions Character % Correct
1,990Frodo Baggins
99%
1,316Samwise Gamgee
96.9%
1,174Gandalf
96.4%
977Aragorn II Elessar
93.2%
736Peregrin Took
92.2%
340Legolas Greenleaf
92.2%
577Meriadoc Brandybuck
90.7%
141Sauron
90%
390Gimli
89.9%
367Bilbo Baggins
89.7%
277Boromir II
85.2%
573Gollum
83.6%
298Saruman
82.6%
297Faramir
78.8%
181Elrond Half-elven
73.7%
83Galadriel
70.8%
125Éowyn
68.1%
222Théoden Ednew
66.8%
224Éomer Éadig
62%
30Farmer Cotton
61.7%
161Treebeard
60.6%
77Gríma Wormtongue
59.3%
141Denethor II
57.7%
145Tom Bombadil
55.2%
49Gloin
46.8%
Mentions Character % Correct
35Shelob
46%
75Isildur
43.9%
41Celeborn the Wise
40.5%
70Shadowfax
31.9%
44Haldir
31.8%
55Hamfast Gamgee
29.8%
25Bill the Pony
27.7%
58Elendil
26.5%
37Glorfindel
22.8%
32Goldberry
17.8%
88Barliman Butterbur
17.5%
48Shagrat
16%
56Uglúk
14.7%
73Beregond
12.9%
27Bill Ferny
12.2%
30Gorbag
12%
34Imrahil
11.4%
28Farmer Maggot
8.3%
56Lotho Sackville-Baggins
7.9%
26Fredegar 'Fatty' Bolger
7.8%
29Eorl the Young
7.7%
31Gildor Inglorion
7.5%
30Nob
4.8%
25Varda
4.4%
33Grishnákh
4.3%
Remove Ads.
Support Sporcle.
Get the best of Sporcle when you Go Orange. This ad-free experience offers more features, more stats, and more fun while also helping to support Sporcle. Thank you for becoming a member.

You're not logged in!

Compare scores with friends on all Sporcle quizzes.
OR
Log In

Sporcle TV

Today on Sporcle TV


Watch our educational content, quiz creation guides, and fun videos on Sporcle TV.

Show Comments

Extras

Top Quizzes Today


Score Distribution

Paid Content

Your Account Isn't Verified!

In order to create a playlist on Sporcle, you need to verify the email address you used during registration. Go to your Sporcle Settings to finish the process.

Report this User

Report this user for behavior that violates our Community Guidelines.

Details: